[Event "Tournoi francophone 004 Groupe D"]
[Site "Skype"]
[Date "????.??.??"]
[Round "7.2"]
[White "Rodriguez, Nathalie"]
[Black "Moumtaz, Abderrahim"]
[Result "1/2-1/2"]
[WhiteElo "1301"]
[BlackElo "1221"]
[PlyCount "129"]

1. d4 d5 2. Nc3 Nf6 3. Bf4 c6 4. h3 Bf5 5. e3 e6 6. Bd3 Be7 7. Nf3 Nbd7 8. Ne5
Bxd3 9. Qxd3 Bd6 10. Nxd7 Bxf4 11. exf4 Qxd7 12. O-O O-O 13. Na4 Qd6 14. Qf3 b6
15. Nc3 Qb4 16. Rab1 Qxd4 17. Ne2 Qe4 18. Rbc1 Qxf3 19. gxf3 c5 20. c3 Rfe8 21.
Rfd1 Rad8 22. Ng3 h6 23. Re1 Rc8 24. Re5 Nd7 25. Re3 Nf6 26. Rce1 d4 27. cxd4
cxd4 28. Rd3 Rc4 29. Red1 Rd8 30. b3 Rc3 31. Rxd4 Rxd4 32. Rxd4 Rxf3 33. Kg2
Rc3 34. Rd8+ Kh7 35. Rf8 Rc7 36. Rd8 Nd5 37. f5 Nf4+ 38. Kh2 e5 39. Ne4 Rc2 40.
a4 Rb2 41. Re8 Rxb3 42. Rxe5 Rxh3+ 43. Kg1 Ne2+ 44. Kg2 Nf4+ 45. Kg1 Rd3 46.
Re7 Rd4 47. Ng3 Nh3+ 48. Kg2 Ng5 49. Rxa7 Rd3 50. Rb7 Ra3 51. Ra7 b5 52. axb5
Rxa7 53. b6 Rb7 54. f4 Rxb6 55. fxg5 hxg5 56. Kh3 Rb3 57. Kg4 f6 58. Ne2 Rb4+
59. Kf3 Rb5 60. Ke4 Re5+ 61. Kf3 Rxf5+ 62. Ke4 Re5+ 63. Kf3 Rf5+ 64. Ke4 g4 65.
Kxf5 1/2-1/2

[Event "Tournoi francophone 004 Groupe D"]
[Site "Skype"]
[Date "????.??.??"]
[Round "7.3"]
[White "Vincent, Andre"]
[Black "Tamditi, Ibrahim"]
[Result "1/2-1/2"]
[WhiteElo "1362"]
[BlackElo "1293"]
[PlyCount "96"]

1. Nf3 d6 2. c4 e5 3. e4 Be7 4. Nc3 Bg4 5. Be2 Bxf3 6. Bxf3 Nf6 7. d3 O-O 8.
Bg5 Nxe4 9. Bxe7 Nxc3 10. Bxd8 Nxd1 11. Bxc7 Nxb2 12. Bxb7 Nxd3+ 13. Kd2 Nxf2
14. Rhf1 Ne4+ 15. Bxe4 Nc6 16. Bxc6 Rac8 17. Bxd6 Rfd8 18. Bd5 Rxd6 19. Rab1 g6
20. Ke3 Rd7 21. Rb7 Rxb7 22. Bxb7 Rxc4 23. Rd1 Kg7 24. Bd5 Rc7 25. g4 Rd7 26.
Ke4 f6 27. Rb1 Kh6 28. Rb7 Rxb7 29. Bxb7 Kg5 30. h3 Kh4 31. Bc8 Kg5 32. a3 a5
33. a4 h6 34. Ba6 Kh4 35. Bf1 h5 36. gxh5 Kxh5 37. Be2+ Kh4 38. Bg4 f5+ 39.
Bxf5 gxf5+ 40. Kxf5 e4 41. Kxe4 Kxh3 42. Kd4 Kg4 43. Kc5 Kf5 44. Kb5 Ke6 45.
Kxa5 Kd7 46. Kb6 Kc8 47. a5 Kb8 48. a6 Ka8 1/2-1/2

[Event "Tournoi francophone 004 Groupe D"]
[Site "Skype"]
[Date "????.??.??"]
[Round "7.4"]
[White "Kruk, Clementine"]
[Black "Talbot, Jacques"]
[Result "0-1"]
[WhiteElo "1419"]
[BlackElo "1467"]
[PlyCount "104"]

1. e4 e5 2. Nf3 d6 3. Bc4 h6 4. d4 exd4 5. Nxd4 Nf6 6. Nc3 Be7 7. Bf4 Bd7 8.
O-O Nc6 9. Re1 O-O 10. Qd3 Nh5 11. Nce2 Nxf4 12. Nxf4 Ne5 13. Nde6 Nxd3 14.
Nxd8 Nxe1 15. Bxf7+ Rxf7 16. Nxf7 Nxc2 17. Rc1 Kxf7 18. Rxc2 c5 19. Nd5 Rc8 20.
b4 cxb4 21. Rxc8 Bxc8 22. Nxb4 Be6 23. a3 a5 24. Nd5 Bxd5 25. exd5 Kf6 26. f4
Kf5 27. g3 Ke4 28. h4 Kxd5 29. Kf2 Kc4 30. Ke3 d5 31. Kd2 Bxa3 32. g4 b5 33. g5
hxg5 34. fxg5 d4 35. h5 d3 36. h6 gxh6 37. g6 Bb2 38. Kd1 a4 39. g7 Bxg7 40.
Kc1 a3 41. Kb1 Kb3 42. Kc1 a2 43. Kd2 Kc4 44. Ke3 a1=Q 45. Ke4 Qe5+ 46. Kf3 Kd4
47. Kg4 Qe4+ 48. Kg3 Be5+ 49. Kf2 d2 50. Kf1 d1=R+ 51. Kf2 Qe3+ 52. Kg2 Qg3#
0-1

[Event "Tournoi francophone 004 Groupe D"]
[Site "Skype"]
[Date "????.??.??"]
[Round "7.5"]
[White "Milanese, Serge"]
[Black "Gabriele, Noel"]
[Result "0-1"]
[WhiteElo "1314"]
[BlackElo "1340"]
[PlyCount "74"]

1. e4 e5 2. Nf3 Nc6 3. Bb5 d6 4. O-O Nf6 5. d3 Be7 6. Bxc6+ bxc6 7. h3 O-O 8.
Nc3 c5 9. Nd5 Nxd5 10. exd5 f5 11. Re1 Qe8 12. c4 Qg6 13. Nd2 f4 14. Qf3 Rf5
15. Ne4 Rh5 16. Kh2 Bf5 17. Nc3 a6 18. Bxf4 Bd7 19. Na4 Rf8 20. Qg3 Rxf4 21.
Qxg6 hxg6 22. Re2 Bxa4 23. b3 Bd7 24. Rb1 Rd4 25. Rd1 Bg5 26. Re4 Rxe4 27. dxe4
Bf4+ 28. Kg1 Rg5 29. Kf1 Rh5 30. Rb1 Bg5 31. b4 Rh4 32. b5 axb5 33. a4 bxa4 34.
Rb7 Kf7 35. Rxc7 Ke7 36. Ke2 Rxe4+ 37. Kd3 Rd4+ 0-1

[Event "Tournoi francophone 004 Groupe D"]
[Site "Skype"]
[Date "????.??.??"]
[Round "8.2"]
[White "Talbot, Jacques"]
[Black "Milanese, Serge"]
[Result "0-1"]
[WhiteElo "1467"]
[BlackElo "1314"]
[PlyCount "80"]

1. e4 e5 2. Nf3 Nc6 3. d4 exd4 4. Nxd4 Nf6 5. Nc3 a6 6. Nxc6 bxc6 7. Bd3 d6 8.
h3 g6 9. O-O Bg7 10. Bg5 O-O 11. Qd2 Re8 12. Bh6 Re5 13. Bxg7 Kxg7 14. f4 Re8
15. Rae1 Bb7 16. Qf2 c5 17. e5 Nd5 18. Nxd5 Bxd5 19. Be4 Bc4 20. Bxa8 Bxf1 21.
Kxf1 Qxa8 22. exd6 cxd6 23. Rxe8 Qxe8 24. Qe2 Qa4 25. Qe7 Qxf4+ 26. Ke2 Qe5+
27. Qxe5+ dxe5 28. Kd3 Kf6 29. Kc4 e4 30. g4 Ke5 31. Kc3 e3 32. Kd3 Kf4 33. Ke2
f5 34. gxf5 gxf5 35. Kf1 Ke4 36. Ke2 f4 37. a3 f3+ 38. Kf1 Kd4 39. b4 cxb4 40.
axb4 Kc3 0-1

[Event "Tournoi francophone 004 Groupe D"]
[Site "Skype"]
[Date "????.??.??"]
[Round "8.3"]
[White "Tamditi, Ibrahim"]
[Black "Kruk, Clementine"]
[Result "0-1"]
[WhiteElo "1293"]
[BlackElo "1419"]
[PlyCount "28"]

1. e4 e5 2. Bc4 Bc5 3. Nf3 Nc6 4. c3 Nf6 5. Ng5 O-O 6. O-O h6 7. Nxf7 Rxf7 8.
Bxf7+ Kxf7 9. Qe2 d5 10. Rd1 Nxe4 11. d4 exd4 12. cxd4 Nxd4 13. Qd3 Nxf2 14.
Be3 Nxd3 0-1

[Event "Tournoi francophone 004 Groupe D"]
[Site "Skype"]
[Date "????.??.??"]
[Round "8.4"]
[White "Moumtaz, Abderrahim"]
[Black "Vincent, Andre"]
[Result "0-1"]
[WhiteElo "1221"]
[BlackElo "1362"]
[PlyCount "50"]

1. d4 Nf6 2. c4 c6 3. Nc3 d5 4. Nf3 Nbd7 5. Bg5 e6 6. e3 Be7 7. Bd3 O-O 8. O-O
a6 9. a4 c5 10. cxd5 exd5 11. e4 dxe4 12. Nxe4 cxd4 13. Nxd4 Nxe4 14. Bxe7 Qxe7
15. Re1 Ndc5 16. f3 f5 17. fxe4 fxe4 18. Nf3 Nxd3 19. Re2 Bg4 20. Re3 Rad8 21.
Qb3+ Kh8 22. Qc4 Bxf3 23. gxf3 Qg5+ 24. Kh1 Qxe3 25. Qxe4 Nf2+ 0-1

[Event "Tournoi francophone 004 Groupe D"]
[Site "Skype"]
[Date "????.??.??"]
[Round "8.5"]
[White "Bustos, Ricardo"]
[Black "Rodriguez, Nathalie"]
[Result "1-0"]
[WhiteElo "1379"]
[BlackElo "1301"]
[PlyCount "101"]

1. c4 e5 2. Nc3 Nc6 3. Nf3 d6 4. g3 Nf6 5. d3 Be6 6. Bg2 h6 7. O-O Be7 8. a3
Ng4 9. h3 Nf6 10. b4 Nd4 11. Nxd4 exd4 12. Ne4 Nxe4 13. dxe4 Bxc4 14. Qxd4 Be6
15. Bb2 Bf6 16. Qd2 O-O 17. Bxf6 Qxf6 18. Rac1 Rac8 19. f4 Bd7 20. e5 Qe6 21.
exd6 Qxd6 22. Qxd6 cxd6 23. Bxb7 Rxc1 24. Rxc1 Bxh3 25. Kh2 Bd7 26. Rc7 Bb5 27.
Bf3 Re8 28. e4 f6 29. Rxa7 Bc6 30. Ra6 Bxe4 31. Bxe4 Rxe4 32. Rxd6 Re2+ 33. Kh3
Ra2 34. Ra6 Ra1 35. Kg2 Ra2+ 36. Kf3 Rc2 37. b5 Rc3+ 38. Kg2 Rc2+ 39. Kh3 Rc8
40. b6 Rb8 41. a4 f5 42. a5 g5 43. Ra7 g4+ 44. Kh4 Kf8 45. b7 Ke8 46. Ra8 Rxa8
47. bxa8=Q+ Ke7 48. Kh5 Kf6 49. Kxh6 Ke6 50. Kg6 Kd6 51. Kxf5 1-0

[Event "Tournoi francophone 004 Groupe D"]
[Site "Skype"]
[Date "????.??.??"]
[Round "9.1"]
[White "Rodriguez, Nathalie"]
[Black "Riviere, Perrine"]
[Result "0-1"]
[WhiteElo "1301"]
[BlackElo "1323"]
[PlyCount "60"]

1. d4 d5 2. Nc3 Nf6 3. Bf4 e6 4. Nb5 Bd6 5. Nxd6+ cxd6 6. h3 O-O 7. e3 Re8 8.
Nf3 Nc6 9. Bd3 e5 10. Bg3 e4 11. Be2 exf3 12. Bxf3 Bf5 13. a3 Ne4 14. Bf4 Bg6
15. O-O b6 16. b4 a5 17. c3 Nxc3 18. Qd2 Ne4 19. Rfc1 Nxd2 20. Bg4 Nb3 21. Rxc6
Nxa1 22. Bxd6 Nc2 23. Be5 axb4 24. Rxc2 Bxc2 25. axb4 Ra1+ 26. Kh2 g6 27. Bf3
Bd1 28. Bxd1 Rxd1 29. g4 Qh4 30. f4 Qf2# 0-1

[Event "Tournoi francophone 004 Groupe D"]
[Site "Skype"]
[Date "????.??.??"]
[Round "9.2"]
[White "Vincent, Andre"]
[Black "Bustos, Ricardo"]
[Result "1-0"]
[WhiteElo "1362"]
[BlackElo "1379"]
[PlyCount "74"]

1. d4 Nf6 2. Nf3 d5 3. g3 b6 4. Bg2 Bb7 5. Bf4 e6 6. c3 Bd6 7. Ne5 O-O 8. O-O
Nbd7 9. Nd2 Nh5 10. e3 Nxf4 11. exf4 f6 12. Nxd7 Qxd7 13. Bh3 f5 14. Re1 Qe8
15. Nf3 Qh5 16. Nh4 Qxd1 17. Raxd1 c6 18. Rxe6 Bc7 19. Rde1 Rad8 20. Re7 Rf7
21. Rxf7 Kxf7 22. Bxf5 g6 23. Be6+ Kf6 24. g4 Bxf4 25. Ng2 Bg5 26. f4 Bh6 27.
g5+ Bxg5 28. fxg5+ Kxg5 29. h4+ Kf6 30. Bh3 Bc8 31. Bxc8 Rxc8 32. Nf4 Kf5 33.
Ng2 c5 34. Re5+ Kg4 35. Rxd5 cxd4 36. Rxd4+ Kf5 37. Rd7 a5 1-0

[Event "Tournoi francophone 004 Groupe D"]
[Site "Skype"]
[Date "????.??.??"]
[Round "9.3"]
[White "Kruk, Clementine"]
[Black "Moumtaz, Abderrahim"]
[Result "1-0"]
[WhiteElo "1419"]
[BlackElo "1221"]
[PlyCount "37"]

1. e4 e5 2. Nf3 Nf6 3. Bc4 Nc6 4. Ng5 d5 5. exd5 Ne7 6. d6 Ned5 7. Nc3 Qxd6 8.
Nxd5 Nxd5 9. Qf3 Be6 10. Nxe6 fxe6 11. d3 Be7 12. Be3 Qb4+ 13. c3 Qxb2 14. O-O
Qxc3 15. Rfc1 Qxd3 16. Bxd3 Rf8 17. Qh5+ Rf7 18. Bxh7 Kf8 19. Bg6 1-0

[Event "Tournoi francophone 004 Groupe D"]
[Site "Skype"]
[Date "????.??.??"]
[Round "9.4"]
[White "Milanese, Serge"]
[Black "Tamditi, Ibrahim"]
[Result "1-0"]
[WhiteElo "1314"]
[BlackElo "1293"]
[PlyCount "25"]

1. e4 e5 2. Nf3 Nf6 3. Nxe5 Nxe4 4. Bc4 d5 5. Bb3 Nxf2 6. Kxf2 Qh4+ 7. g3 Qd4+
8. Kg2 Qxe5 9. Re1 Qe4+ 10. Rxe4+ dxe4 11. Qh5 g6 12. Qe5+ Kd8 13. Qxh8 1-0

[Event "Tournoi francophone 004 Groupe D"]
[Site "Skype"]
[Date "????.??.??"]
[Round "9.5"]
[White "Gabriele, Noel"]
[Black "Talbot, Jacques"]
[Result "0-1"]
[WhiteElo "1340"]
[BlackElo "1467"]
[PlyCount "50"]

1. e4 e5 2. Nf3 d6 3. Nc3 Nf6 4. d4 exd4 5. Nxd4 Bd7 6. Bc4 Nc6 7. O-O Be7 8.
f4 Bg4 9. Be2 Bxe2 10. Ndxe2 O-O 11. Rf3 h6 12. f5 Ne5 13. Rg3 Nh5 14. Rh3 Nf6
15. Nf4 c6 16. Nh5 Nxh5 17. Rxh5 Re8 18. Qe1 Qb6+ 19. Kh1 Ng4 20. h3 Nf2+ 21.
Kh2 Bf6 22. Na4 Qd4 23. Nc3 Nxe4 24. Be3 Qe5+ 25. Kh1 Ng3+ 0-1